Estratigrafía secuencial de los depósitos marinos y continentales del Eoceno - Oligoceno temprano de la cuenca Austral, suroeste de la provincia de Santa Cruz /

Guardado en:
Autor Corporativo: Universidad Nacional del Sur. Departamento de Geología.
Otros Autores: Rodríguez Raising, Martín Eduardo. (Disertante), Casadío, Silvio. (Orientador), Guerstein, Gladys Raquel. (Orientador)
Formato: Manuscrito
Idioma:Spanish
Publicado: 2010.
Materias:
Acceso en línea:Resumen y bibliografía
Etiquetas: Agregar Etiqueta
Sin Etiquetas, Sea el primero en etiquetar este registro!
LEADER 01416ntm a22003015a 4500
001 EUN.eunm003628
008 110714s2010####ag#o#####bm###000#0#spa#d
005 20230306120428.0
245 1 0 |a Estratigrafía secuencial de los depósitos marinos y continentales del Eoceno - Oligoceno temprano de la cuenca Austral, suroeste de la provincia de Santa Cruz /  |c autor: Martín Eduardo Rodríguez Raising ; director: Silvio Casadío ; co-director: G. Raquel Guerstein. 
260 |c 2010. 
300 |a 202 h. + 2 láms. :  |b il. col. ;  |c 30 cm. 
500 |a "Tesis Doctoral". 
502 |a Tesis (doctoral)--Universidad Nacional del Sur. Departamento de Geología, 2010. 
504 |a Incluye referencias bibliográficas. 
530 |a Disponible también el resumen, abstract y bibliografía en formato digital. 
100 1 |a Rodríguez Raising, Martín Eduardo.  |4 dis 
700 1 |a Casadío, Silvio.  |4 ths 
700 1 |a Guerstein, Gladys Raquel.  |4 ths 
710 2 |a Universidad Nacional del Sur.  |b Departamento de Geología. 
082 0 4 |a 040  |2 15 
082 0 4 |a 551.78  |2 15 
650 7 |a Geología.  |2 unbist 
650 7 |a Estratigrafía.  |2 unbist 
653 |a Era cenozoica 
653 |a Cuenca Austral 
653 |a Santa Cruz (Argentina : Provincia) 
856 4 1 |3 Resumen y bibliografía  |u http://repositoriodigital.uns.edu.ar/handle/123456789/2164 
859 |a AR-BaUNS  |b BIB. CENTRAL - Tesis  |h 040  |i B148 2010-1062r  |k R  |p 122334/011